=LDR 00000nam 2200000 4500 =001 INLIS000000000008943 =005 20130612100752 =008 ***********************************Ind** =035 ##$$0010-061300000008943 =041 ##$$a Ind =082 ##$$a 658.15 =090 ##$$a 658.15, Wes m =100 ##$$a Weston, J.fred =245 ##$$a Manajemen Keuangan, J.Fred Weston =260 ##$$a 1995 $b Jakarta =300 ##$$a ... jil, 23 cm =650 ##$$a Manajemen Keuangan =700 ##$$a Copeland, Thomas E =850 ##$$a NBPNMAT